000 00963nas a2200313 4500
001 BR2011007818
003 BR-BrBNA
005 20231205115817.0
007 ta
008 230509b bl.|||p| |||| 00| 00por d
040 _aBR-BrBNA
_bpor
_cBiblioteca Nacional de Agricultura
041 _a(Pt)
072 _aH10
100 1 _aSiqueira, P.R.E.
100 1 _aGrützmacher, A.D.
100 1 _aBotton, M.
100 1 _aKohn, R.A.G.
245 1 _aFlutuação populacional do ácaro-da-ferrugem-da-videira em vinhedo comercial em Candiota, RS, com diferentes métodos de amostragem
650 _aUVA
650 _aPRAGA DE PLANTA
650 _aÁCARO
650 _aFLUTUAÇÃO POPULACIONAL
650 _aAMOSTRAGEM
650 _aARMADILHA
650 _aCONTROLE QUÍMICO
773 0 _tCiência Rural (Brazil)
_xISSN 0103-8478
_g(Sep 2011), v. 41(9) p. 1489-1495
_wBR2011007818
909 _a202311
_bLúcia
_c55
_dLúcia Elande
942 _2AGRIS
_n0
_cANA
999 _c215809
_d215809